Instrumentación electrónica (Registro nro. 6749)
[ vista simple ]
| 000 -Cabecera | |
|---|---|
| Campo de control de longitud fija | 01842aam a2200553 4500 |
| 005 - Fecha y hora de la última transacción | |
| Campo de control | 20230901151337.0 |
| 008 - Elementos de longitud fija--Información general | |
| Campo de control de longitud fija | 150728b2004 xxu||||| |||| 00| 0 spa d |
| 020 ## - International Standard Book Number | |
| Número Internacional Estándar del Libro (ISBN) | 9788497321662 |
| 041 ## - Idioma | |
| Código de idioma | Español |
| 082 ## - Clasificación Decimal Dewey | |
| Número de clasificación | 621.381.548 P438i2 |
| 100 ## - Entrada principal--Autor personal | |
| Nombre personal | Pérez García, Miguel |
| 9 (RLIN) | 39120 |
| 100 ## - Entrada principal--Autor personal | |
| Nombre personal | Álvarez Anton, Juan C. |
| 9 (RLIN) | 39121 |
| 100 ## - Entrada principal--Autor personal | |
| Nombre personal | Campo Rodríguez, Juan C. |
| 9 (RLIN) | 39122 |
| 100 ## - Entrada principal--Autor personal | |
| Nombre personal | Ferrero Martín, Francisco Javier |
| 9 (RLIN) | 39123 |
| 100 ## - Entrada principal--Autor personal | |
| Nombre personal | Grillo Ortega, Gustavo |
| 9 (RLIN) | 39124 |
| 245 ## - Título propiamente dicho | |
| Título | Instrumentación electrónica |
| 250 ## - Edición | |
| Mención de edición | 2 edición |
| 260 ## - Pie de imprenta | |
| Lugar de publicación, distribución, etc. | España |
| 260 ## - Pie de imprenta | |
| Nombre del editor, distribuidor, etc. | Paraninfo |
| 260 ## - Pie de imprenta | |
| Fecha de publicación, distribución, etc. | 2004 |
| 300 ## - Descripción física | |
| Extensión | 862 páginas |
| 505 ## - Nota de contenido | |
| Nota de contenido | Contiene disco compacto N° 391 |
| 505 ## - Nota de contenido | |
| Nota de contenido | El disco compacto contiene apéndices, soluciones de problemas, un resumen del libro y otros recursos. |
| 650 ## - Materia general | |
| Temática (materia general) | INSTRUMENTACIÓN ELECTRÓNICA |
| 650 ## - Materia general | |
| Temática (materia general) | CIRCUITOS AMPLIFICADORES |
| 650 ## - Materia general | |
| Temática (materia general) | AMPLIFICACIÓN |
| 650 ## - Materia general | |
| Temática (materia general) | FILTROS ANALÓGICOS |
| 650 ## - Materia general | |
| Temática (materia general) | SENSORES POTENCIOMÉTRICOS |
| 650 ## - Materia general | |
| Temática (materia general) | SENSORES CAPACITIVOS |
| 650 ## - Materia general | |
| Temática (materia general) | GALGAS EXTENSOMÉTRICAS |
| 650 ## - Materia general | |
| Temática (materia general) | TERMISTORES |
| 650 ## - Materia general | |
| Temática (materia general) | FOTORRESISTENCIAS |
| 650 ## - Materia general | |
| Temática (materia general) | SENSORES RESISTIVOS |
| 650 ## - Materia general | |
| Temática (materia general) | SENSORES INDUCTIVOS |
| 650 ## - Materia general | |
| Temática (materia general) | SENSORES ELECTROMAGNÉTICOS |
| 650 ## - Materia general | |
| Temática (materia general) | TERMOPARES |
| 650 ## - Materia general | |
| Temática (materia general) | SENSORES PIEZOELÉCTRICOS |
| 650 ## - Materia general | |
| Temática (materia general) | SENSORES PIROELÉCTRICOS |
| 650 ## - Materia general | |
| Temática (materia general) | SENSORES OPTOELECTRÓNICOS |
| 650 ## - Materia general | |
| Temática (materia general) | EFECTO HALL |
| 650 ## - Materia general | |
| Temática (materia general) | TRANSMISIÓN DE SEÑAL |
| 650 ## - Materia general | |
| Temática (materia general) | MODULACIÓN |
| 650 ## - Materia general | |
| Temática (materia general) | DEMODULACIÓN |
| 650 ## - Materia general | |
| Temática (materia general) | PROCESADORES DIGITALES |
| 650 ## - Materia general | |
| Temática (materia general) | CABLEADO |
| 650 ## - Materia general | |
| Temática (materia general) | CIRCUITO IMPRESO |
| 942 ## - Punto de acceso adicional KOHA | |
| Tipo de ítem KOHA | Libro |
| Fuente del sistema de clasificación o colocación | Dewey Decimal Classification |
| Signatura completa | Código de barras | Programa Académico | Tipo de ítem |
|---|---|---|---|
| 621.381.548 P438i2 | 12005 | Electrónica | Libro |
| 621.381.548 P438i2 | 12379 | Electrónica | Libro |
| 621.381.548 P438i2 | 18095 | Electrónica | Libro |
| 621.381.548 P438i2 | 391ADC | Electrónica | Disco Compacto |
| 621.381.548 P438i2 | 391BDC | Electrónica | Disco Compacto |